Statistics for TD leader of every team in 2019

Click here to take the quiz!

General Stats

  • This quiz has been taken 5 times
  • The average score is 17 of 32

Answer Stats

TeamPlayer nameNumber of TDs% Correct
PanthersChristian McCaffrey19
100%
VikingsDalvin Cook13
100%
TitansDerrick Henry18
100%
CowboysEzekiel Elliott14
100%
GiantsSaquon Barkley8
100%
PackersAaron Jones19
80%
ChargersAustin Ekeler11
80%
SteelersJames Conner7
80%
LionsKenny Golladay11
80%
SaintsMichael Thomas9
80%
BrownsNick Chubb8
80%
RamsTodd Gurley14
80%
BuccaneersChris Godwin9
60%
BengalsJoe Mixon8
60%
RavensMark Ingram15
60%
49ersRaheem Mostert10
60%
ChiefsTyreek Hill7
60%
SeahawksChris Carson9
40%
TexansDeshaun Watson8
40%
RaidersJosh Jacobs7
40%
PatriotsSony Michel7
40%
BearsAllen Robinson7
20%
FalconsCalvin Ridley7
20%
DolphinsDeVante Parker9
20%
JaguarsDJ Chark8
20%
JetsJamison Crowder6
20%
EaglesJordan Howard7
20%
BillsJosh Allen9
20%
CardinalsKenyan Drake8
20%
ColtsMarlon Mack8
20%
BroncosPhillip Lindsay7
20%
RedskinsTerry McLaurin7
20%

Score Distribution

Percentile by Number Answered

Percent of People with Each Score

Your Score History

You have not taken this quiz